Brawl Stars: Supports - Statistics

General Stats
  • This quiz has been taken 8 times
  • The average score is 7 of 11
Answer Stats
Answer % Correct
Poco
100%
Byron
75%
Pam
75%
Berry
63%
Gus
63%
Jae-Yong
63%
Doug
50%
Gray
50%
Kit
50%
Max
50%
Ruffs
50%
No matching quizzes found
Score Distribution
Percent of People with Each Score
Percentile by Number Answered
Your Score History
You have not taken this quiz